Export Ready — 

al-Ḍawʼ al-lāmiʻ li-ahl al-qarn al-tāsiʻ /

Saved in:

Main Author: Sakhāwī, Muḥammad ibn ʻAbd al-Raḥmān, 1427 or 1428-1497 (Author)

Format: Book

Language: Arabic

Published: al-Qāhirah : Maktabat al-Qudsī, 1935-1937.

Subjects:

Tags: Add Tag

No Tags, Be the first to tag this record!

Call Number: DS37.3 .S212 v.1-12

LEADER 03519nam a2200373Ia 4500
003 OSt
005 20230322133758.0
008 130303m19351937ua b 001 0cara d
952 |0 0  |1 0  |2 lcc  |3 V.1  |4 0  |6 DS00373 S212 V.00001-00012  |7 1  |9 45805  |a ARCE  |b ARCE  |d 2023-03-22  |l 0  |o DS37.3 .S212 v.1-12  |p 1023544  |r 2023-03-22 00:00:00  |w 2023-03-22  |y BK 
952 |0 0  |1 0  |2 lcc  |3 V.2  |4 0  |6 DS00373 S212 V.00001-00012  |7 1  |9 63724  |a ARCE  |b ARCE  |d 2024-03-03  |l 0  |o DS37.3 .S212 v.1-12  |p 1023545  |r 2024-03-03 00:00:00  |w 2024-03-03  |y BK 
952 |0 0  |1 0  |2 lcc  |3 V.3  |4 0  |6 DS00373 S212 V.00001-00012  |7 1  |9 63725  |a ARCE  |b ARCE  |d 2024-03-03  |l 0  |o DS37.3 .S212 v.1-12  |p 1023546  |r 2024-03-03 00:00:00  |w 2024-03-03  |y BK 
952 |0 0  |1 0  |2 lcc  |3 V.4  |4 0  |6 DS00373 S212 V.00001-00012  |7 1  |9 63726  |a ARCE  |b ARCE  |d 2024-03-03  |l 0  |o DS37.3 .S212 v.1-12  |p 1023547  |r 2024-03-03 00:00:00  |w 2024-03-03  |y BK 
952 |0 0  |1 0  |2 lcc  |3 V.5  |4 0  |6 DS00373 S212 V.00001-00012  |7 1  |9 63727  |a ARCE  |b ARCE  |d 2024-03-03  |l 0  |o DS37.3 .S212 v.1-12  |p 1023548  |r 2024-03-03 00:00:00  |w 2024-03-03  |y BK 
952 |0 0  |1 0  |2 lcc  |3 V.6  |4 0  |6 DS00373 S212 V.00001-00012  |7 1  |9 63728  |a ARCE  |b ARCE  |d 2024-03-03  |l 0  |o DS37.3 .S212 v.1-12  |p 1023549  |r 2024-03-03 00:00:00  |w 2024-03-03  |y BK 
952 |0 0  |1 0  |2 lcc  |3 V.7  |4 0  |6 DS00373 S212 V.00001-00012  |7 1  |9 63729  |a ARCE  |b ARCE  |d 2024-03-03  |l 0  |o DS37.3 .S212 v.1-12  |p 1023550  |r 2024-03-03 00:00:00  |w 2024-03-03  |y BK 
952 |0 0  |1 0  |2 lcc  |3 V.8  |4 0  |6 DS00373 S212 V.00001-00012  |7 1  |9 63730  |a ARCE  |b ARCE  |d 2024-03-03  |l 0  |o DS37.3 .S212 v.1-12  |p 1021501  |r 2024-03-03 00:00:00  |w 2024-03-03  |y BK 
952 |0 0  |1 0  |2 lcc  |3 V.9  |4 0  |6 DS00373 S212 V.00001-00012  |7 1  |9 63731  |a ARCE  |b ARCE  |d 2024-03-03  |l 0  |o DS37.3 .S212 v.1-12  |p 1021502  |r 2024-03-03 00:00:00  |w 2024-03-03  |y BK 
952 |0 0  |1 0  |2 lcc  |3 V.10  |4 0  |6 DS00373 S212 V.00001-00012  |7 1  |9 63732  |a ARCE  |b ARCE  |d 2024-03-03  |l 0  |o DS37.3 .S212 v.1-12  |p 1021503  |r 2024-03-03 00:00:00  |w 2024-03-03  |y BK 
952 |0 0  |1 0  |2 lcc  |3 V.11  |4 0  |6 DS00373 S212 V.00001-00012  |7 1  |9 63733  |a ARCE  |b ARCE  |d 2024-03-03  |l 0  |o DS37.3 .S212 v.1-12  |p 1021504  |r 2024-03-03 00:00:00  |w 2024-03-03  |y BK 
952 |0 0  |1 0  |2 lcc  |3 V.12  |4 0  |6 DS00373 S212 V.00001-00012  |7 1  |9 63734  |a ARCE  |b ARCE  |d 2024-03-03  |l 0  |o DS37.3 .S212 v.1-12  |p 1021505  |r 2024-03-03 00:00:00  |w 2024-03-03  |y BK 
999 |c 26662  |d 26662 
050 4 |a DS37.3 .S212 v.1-12 
100 1 |6 880-01  |a Sakhāwī, Muḥammad ibn ʻAbd al-Raḥmān,  |d 1427 or 1428-1497,  |e author 
245 1 3 |6 880-02  |a al-Ḍawʼ al-lāmiʻ li-ahl al-qarn al-tāsiʻ /   |c taʻlīf Shams al-Dīn Muḥammad ibn ʻAbd al-Raḥmān al-Sakhāwi. 
264 1 |a al-Qāhirah :   |b Maktabat al-Qudsī,   |c 1935-1937. 
300 |a 12 volumes ;   |c 24 cm. 
504 |a Includes bibliographical references and indexes. 
650 0 |a Arabs  |v Biography. 
650 0 |a Muslims  |v Biography. 
651 0 |a Islamic countries  |v Biography  |v Early works to 1800. 
880 1 |6 100-01/(3/r  |a سخاوي، محمد بن عبد الرحمن،‪‪‪‪‪‪‪‪‪‪‪‪‪‪‪‪‪‪‪‪‪‪‪‪‪‪‪‪‪‪‪‪‪‪‪‪‪‪‪‪‪‪‪‪‪‪‪‪‪‪‪  |d 1427 أو1428-1497.‪‪‪‪‪‪‪‪‪‪‪‪‪‪‪‪‪‪‪‪‪‪‪‪‪‪‪‪‪‪‪‪‪‪‪‪‪‪‪‪‪‪‪‪‪‪‪‪‪‪‪ 
880 1 2 |6 245-02/(3/r  |a الضوء اللامع لأهل القرن التاسع   |c تأليف شمس الدين محمد بن عبد الرحمن السخاوي.‪‪‪‪‪‪‪‪‪‪‪‪‪‪‪‪‪‪‪‪‪‪‪‪‪‪‪‪‪‪‪‪‪‪‪‪‪‪‪‪‪‪‪‪‪‪‪‪‪‪‪ 
901 |a reviewed 
942 |c BK  |2 lcc